000 00335 a2200157 4500
001 59470
020 _a0194231704
040 _cAnchieta - Pituba
100 _aFoster, Mark
240 1 0 _aTaxi of terror
_lIng
245 1 0 _aTaxi of terror
300 _a30
362 0 _a2000
650 4 _aLiteratura juvenil em inglês
942 _cBK
999 _c59470
_d59470